Lingua, musica e comunicazione

Úloha a poslanie otextovanej hudby, predovšetkým modernej, v živote talianskej spoločnosti a jej význam pre jazykovú didaktiku. Prístup talianských "cantautore" k hudobnej interpretácii. Postavenie Vasca Rossiho v súčasnej talianskej piesňovej tvorbe pre jeho spôsob komunikácie s publikom. Do popre...

ver descrição completa

Na minha lista:
Detalhes bibliográficos
Autor principal: Vita, Tiziano
Formato: Capítulo de Livro
Idioma:Língua italiana
Assuntos:
Tags: Adicionar Tag
Sem tags, seja o primeiro a adicionar uma tag!

MARC

LEADER 00000nla$a2200000$$$4500
001 0102766
005 20240502072121.0
041 0 |a ita 
044 |a SK 
245 1 0 |a Lingua, musica e comunicazione  |c Tiziano Vita 
520 |a Úloha a poslanie otextovanej hudby, predovšetkým modernej, v živote talianskej spoločnosti a jej význam pre jazykovú didaktiku. Prístup talianských "cantautore" k hudobnej interpretácii. Postavenie Vasca Rossiho v súčasnej talianskej piesňovej tvorbe pre jeho spôsob komunikácie s publikom. Do popredia vystupuje originálny jazyk a predstavuje doplnkový didaktický materiál pre vyučujúceho taliančiny. 
610 2 0 |a jazyky cudzie 
610 2 0 |a hudba 
610 2 0 |a komunikácia 
610 2 0 |a taliančina 
100 1 |a Vita, Tiziano